|
|
|
|
| LEADER |
00000nta a2200000 i 4500 |
| 001 |
dolg5326 |
| 005 |
20160704102101.0 |
| 008 |
160504suuuu hu om 000 hun d |
| 040 |
|
|
|a BGE Dolgozattár Repozitórium
|b hun
|
| 041 |
|
|
|a hu
|
| 100 |
1 |
|
|a Demeter Dóra
|
| 245 |
1 |
0 |
|a Ételallergia és táplálékintolerancia, avagy az új „népbetegség” kezelése a hazai és angliai vendéglátásban
|c Demeter Dóra
|h [elektronikus dokumentum]
|
| 695 |
|
|
|a Ételallergia
|
| 695 |
|
|
|a Táplálékintolerancia
|
| 700 |
1 |
|
|a Lugasi Dr. habil. Andrea
|e ths
|
| 856 |
4 |
0 |
|u http://dolgozattar.uni-bge.hu/5326/1/Demeter%20D%C3%B3ra%20-%20Szakdolgozat.pdf
|z Dokumentum-elérés
|